Quiz départements français - Statistiques

Statistiques générales
  • Ce quiz a été pris 519 fois
  • Le résultat moyen est 16 sur 20
Statistiques - réponses
Question Réponse % Correct
Quel département correspond au 75 ? Paris
98%
Quel est le chef-lieu du Rhône ? Lyon
95%
Quel est le chef-lieu des Bouches-du-Rhône ? Marseille
93%
De quel département Nantes est-elle le chef-lieu ? Loire-Atlantique
92%
Quel est le numéro du département du Calvados ? 14
87%
Quel est le numéro du département de la Marne ? 51
87%
Quel est le numéro du département de la Somme ? 80
87%
Quel est le chef-lieu de la Haute-Garonne ? Toulouse
85%
Quel est le numéro du département du Bas-Rhin ? 67
84%
Quel est le chef-lieu du Finistère ? Quimper
83%
De quel département Clermont-Ferrand est-elle le chef-lieu ? Puy-de-Dôme
82%
Quel est le numéro du département de la Nièvre ? 58
81%
Quel département correspond au 76 ? Seine-Maritime
80%
Quel est le chef-lieu du Doubs ? Besançon
78%
Quel département correspond au 62 ? Pas-de-Calais
78%
Quel est le chef-lieu de la Corrèze Tulle
75%
Quel département correspond au 88 ? Vosges
75%
De quel département Niort est-elle le chef-lieu ? Deux-Sèvres
73%
Quel département correspond au 41 ? Loir-et-Cher
70%
Quel est le chef-lieu des Landes ? Mont-de-Marsan
68%
Aucun quiz correspondant
Distribution des résultats
% des personnes avec chaque résultat
Percentile par nombre de réponses
Votre historique - résultats
Vous n’avez pas pris ce quiz